Schaum's 3000 solved problems in calculus (Record no. 2651)
[ view plain ]
| 000 -LEADER | |
|---|---|
| fixed length control field | 00739pam a2200241 a 4500 |
| 001 - CONTROL NUMBER | |
| control field | 1005778 |
| 003 - CONTROL NUMBER IDENTIFIER | |
| control field | OSt |
| 005 - DATE AND TIME OF LATEST TRANSACTION | |
| control field | 20190930110954.0 |
| 008 - FIXED-LENGTH DATA ELEMENTS--GENERAL INFORMATION | |
| fixed length control field | 870804s1988 nyua 000 0 eng |
| 010 ## - LIBRARY OF CONGRESS CONTROL NUMBER | |
| LC control number | 87023265 |
| 020 ## - INTERNATIONAL STANDARD BOOK NUMBER | |
| International Standard Book Number | 0070415234 |
| 040 ## - CATALOGING SOURCE | |
| Original cataloging agency | DLC |
| Transcribing agency | DLC |
| Modifying agency | DLC |
| 050 00 - LIBRARY OF CONGRESS CALL NUMBER | |
| Classification number | QA303 |
| Item number | .S288 1988 |
| 082 00 - DEWEY DECIMAL CLASSIFICATION NUMBER | |
| Classification number | 515 |
| Edition number | 19 |
| Item number | MEN 1988 |
| 100 ## - MAIN ENTRY--PERSONAL NAME | |
| Personal name | Edited by Elliott Mendelson. |
| 9 (RLIN) | 12962 |
| 245 00 - TITLE STATEMENT | |
| Title | Schaum's 3000 solved problems in calculus |
| 260 ## - PUBLICATION, DISTRIBUTION, ETC. (IMPRINT) | |
| Place of publication, distribution, etc. | New York : |
| Name of publisher, distributor, etc. | McGraw-Hill, |
| Date of publication, distribution, etc. | 1988. |
| 300 ## - PHYSICAL DESCRIPTION | |
| Extent | v, 442 p. : |
| Other physical details | ill. ; |
| Dimensions | 28 cm. |
| 650 #0 - SUBJECT ADDED ENTRY--TOPICAL TERM | |
| Topical term or geographic name as entry element | Calculus |
| General subdivision | Problems, exercises, etc. |
| 9 (RLIN) | 6261 |
| 740 0# - ADDED ENTRY--UNCONTROLLED RELATED/ANALYTICAL TITLE | |
| Uncontrolled related/analytical title | Schaum's three thousand solved problems in calculus. |
| 906 ## - LOCAL DATA ELEMENT F, LDF (RLIN) | |
| a | 7 |
| b | cbc |
| c | orignew |
| d | 1 |
| e | ocip |
| f | 19 |
| g | y-gencatlg |
| 942 ## - ADDED ENTRY ELEMENTS (KOHA) | |
| Source of classification or shelving scheme | Dewey Decimal Classification |
| Koha item type | Short Loan |
| Withdrawn status | Lost status | Source of classification or shelving scheme | Damaged status | Not for loan | Home library | Current library | Date acquired | Inventory number | Total Checkouts | Full call number | Barcode | Date last seen | Date last checked out | Price effective from | Koha item type | Total Renewals |
|---|---|---|---|---|---|---|---|---|---|---|---|---|---|---|---|---|
| Dewey Decimal Classification | MUST Main Library | MUST Main Library | 20/11/2015 | 2005/24905 | 2 | 515 MEN 1988 | 2015-2728 | 03/04/2017 | 03/04/2017 | 20/11/2015 | Short Loan | |||||
| Dewey Decimal Classification | MUST Main Library | MUST Main Library | 20/11/2015 | 2005/24906 | 3 | 515 MEN 1988 | 2015-2729 | 17/04/2023 | 31/03/2021 | 20/11/2015 | Short Loan | |||||
| Dewey Decimal Classification | MUST Main Library | MUST Main Library | 23/11/2015 | 2005/24904 | 1 | 515 MEN 1988 | 2015-2744 | 27/04/2017 | 13/04/2017 | 23/11/2015 | Short Loan | |||||
| Dewey Decimal Classification | MUST Main Library | MUST Main Library | 02/04/2021 | 2014/38004 | 2 | 515 MEN 1988 | 2021-0357 | 19/05/2021 | 05/05/2021 | 02/04/2021 | Open Shelf | 1 |
